[Event "Guelph op"]
[Site "Guelph"]
[Date "2005.07.29"]
[Round "4"]
[White "Kogan, Artur"]
[Black "Peng, David Yu"]
[Result "1-0"]
[WhiteElo "2580"]
[BlackElo "2136"]
[PlyCount "65"]
[EventDate "2005.07.28"]
[EventType "swiss"]
[EventRounds "9"]
[EventCountry "CAN"]
[SourceTitle "CBM 107 Extra"]
[Source "ChessBase"]
[SourceDate "2005.09.01"]
[SourceVersion "1"]
[SourceVersionDate "2005.09.01"]
[SourceQuality "1"]

1. e4 c5 2. Nf3 e6 3. d4 cxd4 4. Nxd4 Nc6 5. Nc3 Qc7 6. f4 Nxd4 7. Qxd4 a6 8. Be2 Ne7 9. Bf3 Nc6 10. Qf2 b5 11. Be3 Bb7 12. 0-0 Na5 13. Bb6 Qc8 14. Kh1 Nc4 15. Bd4 d6 16. b3 Na5 17. Nd5 Rb8 18. Bg4 Nc6 19. Bb6 Be7 20. Nc7+ Kf8 21. f5 Ne5 22. fxe6 f6 23. Bh3 Bxe4 24. Rae1 Qb7 25. Ba5 Bd8 26. Nxa6 Bxa5 27. Nxb8 Bxe1 28. Rxe1 Bxg2+ 29. Bxg2 Qxb8 30. Rxe5 dxe5 31. Qc5+ Kg8 32. Qe7 Qf8 33. Qd7 1-0

[Event "Guelph op"]
[Site "Guelph"]
[Date "2005.07.28"]
[Round "2"]
[White "Kaufman, Raymond"]
[Black "Peng, David Yu"]
[Result "1-0"]
[WhiteElo "2271"]
[BlackElo "2136"]
[PlyCount "83"]
[EventDate "2005.07.28"]
[EventType "swiss"]
[EventRounds "9"]
[EventCountry "CAN"]
[SourceTitle "CBM 107 Extra"]
[Source "ChessBase"]
[SourceDate "2005.09.01"]
[SourceVersion "1"]
[SourceVersionDate "2005.09.01"]
[SourceQuality "1"]

1. e4 c5 2. Nf3 e6 3. d4 cxd4 4. Nxd4 Nc6 5. Nc3 Qc7 6. Be3 a6 7. Bd3 Nf6 8. 0-0 Ne5 9. h3 Bc5 10. Qe2 d6 11. f4 Nxd3 12. cxd3 b5 13. Rac1 Qa7 14. Nc2 Bxe3+ 15. Qxe3 Qxe3+ 16. Nxe3 Bb7 17. a4 b4 18. Ne2 0-0 19. Rc7 Rab8 20. a5 Rfd8 21. Nd4 Nd7 22. f5 e5 23. Nc6 Bxc6 24. Rxc6 Nc5 25. Nc4 Nxd3 26. Rxa6 d5 27. exd5 Rxd5 28. Rd1 e4 29. Rb6 Ra8 30. a6 Kf8 31. Ra1 Rd7 32. Rb7 Nc5 33. Rxd7 Nxd7 34. a7 Ke7 35. Kf2 Kd8 36. Ke3 Kc7 37. Kxe4 Nc5+ 38. Kd5 Nd3 39. Kd4 Nf4 40. Kc5 Nd3+ 41. Kb5 Kb7 42. Rd1 1-0

[Event "Canadian op"]
[Site "Edmonton"]
[Date "2005.07.14"]
[Round "7"]
[White "Lawson, Eric"]
[Black "Peng, David Yu"]
[Result "1-0"]
[WhiteElo "2373"]
[BlackElo "2120"]
[PlyCount "65"]
[EventDate "2005.07.09"]
[EventType "swiss"]
[EventRounds "10"]
[EventCountry "CAN"]
[SourceTitle "CBM 107 Extra"]
[Source "ChessBase"]
[SourceDate "2005.09.01"]
[SourceVersion "1"]
[SourceVersionDate "2005.09.01"]
[SourceQuality "1"]

1. e4 c5 2. Nf3 e6 3. d4 cxd4 4. Nxd4 Nc6 5. Nb5 d6 6. c4 a6 7. N5c3 Nf6 8. Be2 Be7 9. 0-0 b6 10. Be3 Qc7 11. f4 Bb7 12. Kh1 Rc8 13. Bf3 g6 14. Nd2 Nd7 15. Rc1 Qb8 16. Qe2 Bf6 17. Nb3 0-0 18. Rfd1 Rfd8 19. a3 Nc5 20. Na1 a5 21. b3 Ba8 22. Qe1 Ne7 23. Bf2 e5 24. Bh4 Bxh4 25. Qxh4 Rc7 26. f5 gxf5 27. Qg5+ Kf8 28. exf5 e4 29. Bg4 Nd3 30. Rxd3 exd3 31. f6 Ng6 32. Qh6+ Ke8 33. Re1+ 1-0

[Event "Canadian op"]
[Site "Edmonton"]
[Date "2005.07.13"]
[Round "6"]
[White "Dougherty, Michael J"]
[Black "Peng, David Yu"]
[Result "0-1"]
[WhiteElo "2332"]
[BlackElo "2120"]
[PlyCount "110"]
[EventDate "2005.07.09"]
[EventType "swiss"]
[EventRounds "10"]
[EventCountry "CAN"]
[SourceTitle "CBM 107 Extra"]
[Source "ChessBase"]
[SourceDate "2005.09.01"]
[SourceVersion "1"]
[SourceVersionDate "2005.09.01"]
[SourceQuality "1"]

1. Nf3 e6 2. c4 d5 3. g3 f5 4. Bg2 Nf6 5. 0-0 Be7 6. b3 0-0 7. Bb2 Nc6 8. d3 a5 9. cxd5 Nxd5 10. Nbd2 Bf6 11. d4 a4 12. a3 axb3 13. Qxb3 Nb6 14. Rad1 Kh8 15. Nc4 Nxc4 16. Qxc4 Qd5 17. Qd3 Qa5 18. Nd2 Rd8 19. Nb3 Qb6 20. Qe3 Na5 21. Nxa5 Rxa5 22. Qc3 h6 23. Qc2 Bd7 24. Bc3 Ra7 25. Rb1 Qa6 26. Bb4 b6 27. e3 Bb5 28. Bc6 Bd3 29. Qc3 Bxb1 30. Rxb1 f4 31. gxf4 Qe2 32. Qb3 Qg4+ 33. Kh1 Raa8 34. Rg1 Qh3 35. Qd3 Rac8 36. Qg6 Qf5 37. Qg2 Rg8 38. Be4 Qh5 39. Bf3 Qf7 40. d5 Rcd8 41. e4 e5 42. Qg3 Qe8 43. Bd2 c6 44. fxe5 Bxe5 45. Qh3 Rd6 46. Bg4 cxd5 47. exd5 Qa8 48. Bb4 Rxd5 49. Bf3 Rd3 50. Rg3 Qc8 51. Qh5 Bxg3 52. Be4 Qc1+ 53. Kg2 Rd4 54. Qf5 Rxe4 55. Qxe4 Qf4 0-1